The Civil war : books I-X / (Record no. 27804)
[ view plain ]
| 000 -LEADER | |
|---|---|
| fixed length control field | 00685nam a22002297a 4500 |
| 001 - CONTROL NUMBER | |
| control field | 27804 |
| 003 - CONTROL NUMBER IDENTIFIER | |
| rucl marc code | BD-RjUL |
| 005 - DATE AND TIME OF LATEST TRANSACTION | |
| control field | 20211209051214.0 |
| 008 - FIXED-LENGTH DATA ELEMENTS--GENERAL INFORMATION | |
| fixed length control field | 140327r19511928enk |||| |||| 000 0 eng d |
| 035 ## - SYSTEM CONTROL NUMBER | |
| System control number | (BD-RjUL)27883 |
| 040 ## - CATALOGING SOURCE | |
| Original cataloging agency | BD-RjUL |
| Language of cataloging | eng |
| Transcribing agency | BD-RjUL |
| 041 ## - LANGUAGE CODE | |
| Language code of text/sound track or separate title | eng |
| 082 04 - DEWEY DECIMAL CLASSIFICATION NUMBER | |
| Classification number | 937 |
| Author mark and year | LUC 1951 |
| 100 1# - MAIN ENTRY--PERSONAL NAME | |
| Personal name | Lucan |
| 9 (RLIN) | 85345 |
| 245 0# - TITLE STATEMENT | |
| Title | The Civil war : books I-X / |
| Statement of responsibility, etc. | Lucan |
| 260 ## - PUBLICATION, DISTRIBUTION, ETC. (IMPRINT) | |
| Place of publication, distribution, etc. | London : : |
| Name of publisher, distributor, etc. | W. Heinemann Cambridge, Mass. : Harvard University Press, |
| Date of publication, distribution, etc. | 1928[Reprinted 1951.] |
| 300 ## - PHYSICAL DESCRIPTION | |
| Pagination | 638 p. ; |
| Size | 17cm. |
| 504 ## - BIBLIOGRAPHY, ETC. NOTE | |
| Bibliography, etc | Includes Index |
| 650 ## - SUBJECT ADDED ENTRY--TOPICAL TERM | |
| Topical term or geographic name as entry element | Pharsalus, Battle of, Farsala, Greece, 48 B.C. |
| 9 (RLIN) | 85346 |
| 700 ## - ADDED ENTRY--PERSONAL NAME | |
| Personal name | Duff J D |
| 942 ## - ADDED ENTRY ELEMENTS (KOHA) | |
| Source of classification or shelving scheme | Dewey Decimal Classification |
| Koha item type | Books |
| Lost status | Source of classification or shelving scheme | Damaged status | Not for loan | Collection code | Permanent Location | Current Location | Shelving location | Date acquired | Source of acquisition | Cost, normal purchase price | Total Checkouts | Full call number | Date last seen | Copy number | Koha item type |
|---|---|---|---|---|---|---|---|---|---|---|---|---|---|---|---|
| Dewey Decimal Classification | Added to bundle | Non-fiction | Central Library, University of Rajshahi | Central Library, University of Rajshahi | Reading Room | 10/03/1955 | SIMPKIN MARSHAL | 15.00 | 937 LUC 1951 | 27/03/2014 | C-1 | Books |